Tributos y contabilidad de comerciantes y empresas individuales con ejemplos y liquidaciones de los seguros sociales / (Registro nro. 25098)

Detalles MARC
000 -LEADER
campo de control de longitud fija 00513nam a2200145 i 4500
001 - NÚMERO DE CONTROL
campo de control 25098
003 - IDENTIFICADOR DE NÚMERO DE CONTROL
campo de control ES-MaACL
007 - CAMPO FIJO DE DESCRIPCIÓN FÍSICA--INFORMACIÓN GENERAL
campo de control de longitud fija t|
008 - DATOS DE LONGITUD FIJA--INFORMACIÓN GENERAL
campo de control de longitud fija 021220s1946 sp ||||1| spa d
100 1# - ENTRADA PRINCIPAL--NOMBRE DE PERSONA
Nombre de persona Aragón, Jesús de.
9 (RLIN) 22176
245 10 - MENCIÓN DEL TÍTULO
Título Tributos y contabilidad de comerciantes y empresas individuales con ejemplos y liquidaciones de los seguros sociales /
Mención de responsabilidad, etc. Jesús de Aragón.
260 ## - PUBLICACIÓN, DISTRIBUCIÓN, ETC.
Lugar de publicación, distribución, etc. Madrid :
Nombre del editor, distribuidor, etc. M. Aguilar,
Fecha de publicación, distribución, etc. 1946 (
Fabricante E. Sánchez Leal)
300 ## - DESCRIPCIÓN FÍSICA
Extensión 338 p. :
Otras características físicas il. ;
Dimensiones 25 cm.
852 ## - LOCALIZACIÓN
Ubicación ES-MaACL
Número de control de estantería E-1731
Sublocalización o colección R.22592
Existencias
Estatus retirado Estado de pérdida Estado de daño No para préstamo Biblioteca de origen Biblioteca actual Ubicación en estantería Fecha de adquisición Fuente de adquisición Total de préstamos Signatura topográfica completa Código de barras Visto por última vez Precio de reemplazo Tipo de ítem Koha
        Biblioteca del Ateneo de Madrid Biblioteca del Ateneo de Madrid Depósito 2 17/01/2008     E-1731 1025876 23/02/2023 23/02/2023 Libro impreso